| 000 | 00700nam a22002297a 4500 | ||
|---|---|---|---|
| 005 | 20170124110116.0 | ||
| 010 | _aB-059971 | ||
| 020 |
_c00.00 _a8175101202 |
||
| 035 | _aB-059971 | ||
| 037 | _bCen Lib/Ret | ||
| 040 |
_aDPL _bEN |
||
| 082 |
_aN _bATH |
||
| 100 |
_aAthale, Anil _930015 |
||
| 245 |
_aStruggle for empire : _cby Anil Athale _bAnglo-Maratha wars 1679-1818 / |
||
| 260 |
_bReliance Publishing House _c2001 _aNew Delhi |
||
| 270 |
_a3026/7H, Shiv Chowk, South Patel Nagar _bNew Delhi _e110008 |
||
| 300 |
_a263p. : _c20cm(Hb) _bill. |
||
| 500 | _aIncludes index | ||
| 650 |
_aMaratha (Indic people) _930016 |
||
| 650 |
_aMaratha War, 1816-1818 _930017 |
||
| 942 |
_2ddc _cEN _hN _mATH |
||
| 999 |
_c130750 _d130750 |
||